Erkrath próbál
Elmentve itt :
| Szerző: | |
|---|---|
| Dokumentumtípus: | Cikk |
| Megjelent: |
1985-07-24
|
| Sorozat: | Délmagyarország
75 No. 172 |
| Kulcsszavak: | Szabadtéri Játékok |
| Online Access: | http://dmarchiv.bibl.u-szeged.hu/123437 |
| LEADER | 00442nab a2200157 i 4500 | ||
|---|---|---|---|
| 001 | delm123437 | ||
| 005 | 20190909105145.0 | ||
| 008 | 190909s1985 hu o 0|| hun d | ||
| 040 | |a SZTE Délmagyarország Archívum |b hun | ||
| 041 | |a hun | ||
| 100 | 1 | |a Nagy László | |
| 245 | 1 | 0 | |a Erkrath próbál |h [elektronikus dokumentum] / |c Nagy László |
| 260 | |c 1985-07-24 | ||
| 300 | |a 5 | ||
| 490 | 0 | |a Délmagyarország |v 75 No. 172 | |
| 695 | |a Szabadtéri Játékok | ||